| 000 | 01469cam a2200301 4500 | ||
|---|---|---|---|
| 001 | 1863370 | ||
| 003 | ARRUPE | ||
| 005 | 20161027112207.0 | ||
| 008 | 760526s1904 enk b 001 0 eng | ||
| 010 | _a 05021022 | ||
| 035 | _a(OCoLC)ocm02194344 | ||
| 040 |
_aDLC _cRRR _dOCL _dZCU |
||
| 050 | 0 |
_aAC8 _b.L58 |
|
| 100 | 1 |
_aLilly, William Samuel, _d1840-1919. _927037 |
|
| 245 | 0 | 0 |
_aStudies in religion and literature, _cby William Samuel Lilly. |
| 260 |
_aLondon, _bChapman & Hall, Ld., _c1904. |
||
| 300 |
_axvi, 320 p. _c23 cm. |
||
| 500 | _aPublished from the Fortnightly review, the Pilot, the Nineteenth century, the author's chapters in European history, and his Ancient religion and modern thought. | ||
| 505 | 0 | _aWhat was Shakespeare's religion?--The mission of Tennyson.--A grand old pagan [Walter Savage Landor]--A French Shakespeare [Honoré de Balzac]--A nineteenth-century Savonarola [Félicité de Lamennais]--Cardinal Wiseman's life and work.--The meaning of Tractarianism.--Concerning ghost stories.--The theory of the ludicrous. | |
| 600 | 1 | 0 |
_aShakespeare, William, _d1564-1616. _927038 |
| 600 | 1 | 0 |
_aTennyson, Alfred Tennyson, _cBaron, _d1809-1892. _927039 |
| 600 | 1 | 0 |
_aLandor, Walter Savage, _d1775-1864. _927040 |
| 600 | 1 | 0 |
_aBalzac, Honoré de, _d1799-1850. _927041 |
| 600 | 1 | 0 |
_aLamennais, Félicité Robert de, _d1782-1854. _927042 |
| 600 | 1 | 0 |
_aWiseman, Nicholas Patrick, _d1802-1865. _927043 |
| 942 |
_2lcc _cMONOGRAPH |
||
| 999 |
_c125591 _d125591 |
||